The culture turn, sociology and class analysis /

Guardat en:
Dades bibliogràfiques
Autor principal: Devine, Fiona
Altres autors: Savage, Mike
Format: Llibre
Idioma:English
Etiquetes: Afegir etiqueta
Sense etiquetes, Sigues el primer a etiquetar aquest registre!

MARC

LEADER 00000nam a22000007a 4500
003 cru CRAI/IIS
005 20200220120009.0
008 200220t2005 nyu|||||r||||||0| ||eng|d
999 |c 42956  |d 42956 
040 |c cru CRAI/IIS 
100 1 |9 9093  |a Devine, Fiona 
245 1 4 |a The culture turn, sociology and class analysis /  |c Fiona Devine, Mike Savage 
300 |a páginas 1-23 
700 1 |9 9094  |a Savage, Mike 
773 0 |0 42779  |9 4170  |d New York: Palgrave Macmillan, 2005  |o 18552  |t Rethinking class:  |z 9780333968956 
942 |2 ddc  |c LI